Top 5 największych państw pod względem powierzchni w Oceanii - Statystyki

Ogólne statystyki
  • Ten quiz został rozwiązany 276 razy
  • Średni wynik to 4 z 5
Statystyki odpowiedzi
km2 Państwo % Poprawnych
7 686 850 Australia
99%
268 680 Nowa Zelandia
99%
462 840 Papua-Nowa Gwinea
90%
18 270 Fidżi
77%
28 450 Wyspy Salomona
72%
Nie znaleziono quizów pasujących do podanych kryteriów
Rozkład punktacji
Procent ludzi z każdym wynikiem
Percentyl według liczby udzielonych odpowiedzi
Twoja historia wyników
Nie rozwiązałeś tego quizu